| 000 | 00570nam a2200217Ia 4500 | ||
|---|---|---|---|
| 005 | 20260429111901.0 | ||
| 008 | 260429s9999||||xx |||||||||||||| ||und|| | ||
| 020 | _a9788196582869 | ||
| 041 | _aEnglish | ||
| 082 |
_a954.02 _bGOY |
||
| 100 | _aGoyal, Shankar | ||
| 245 | 0 |
_aHarsha : _bnew cultural study / _cShankar Goyal |
|
| 260 |
_aJaipur : _bY King Books, _c2024. |
||
| 300 | _axxii, 210 p.; hb | ||
| 650 | _a Ancient India | ||
| 650 | _a Cultural history | ||
| 650 | _a Historical studies | ||
| 650 | _a Indian history | ||
| 650 | _aHarsha | ||
| 942 | _cTB | ||
| 999 |
_c51268 _d51268 |
||